000 01681nam a2200325 4500
999 _c84887
_d322164
001
003 OSt
005 20221204153735.0
008 121030s2010____su f 000 0 ara c
020 _a9789960547688
040 _aMA-UN
_b
_cMA-UN
082 0 4 _221
_a378.175
_bك ج إ
100 1 _aكورنفورد، جيمس ر.
_9112793
240 1 0 _aPutting the university online : information, technology and organizational change.
245 1 0 _aإنزال الجامعة على خط الإنترنت :
_bالمعلومات والتقنية والتغير التنظيمي /
_cجيمس ر. كورنفورد، نيل ب. بولوك ؛ نقله إلى العربية سامر عبد المحسن الأيوبي ؛ راجعه عبد المطلب يوسف جابر.
250 _aط. 1.
260 _aالرياض :
_bمكتبة العبيكان للنشر والتوزيع،
_c2010
_m1431.
300 _a190 ص. ؛
_c24 سم.
490 1 _aمشروع الترجمة المشترك ؛
_v46
504 _aيشتمل على قائمة ببليوجرافية.
650 7 _aالجامعات والكليات
_xأتمتة
_9112800
650 7 _aالإنترنت في التعليم العالي
_9112801
700 1 _aبولوك، نيل ب.
_9112796
700 1 _aالأيوبي، سامر عبد المحسن
_eمترجم
_9106969
700 1 _aجابر، عبد المطلب يوسف
_eمراجع.
_9112802
942 _2ddc
_cBOOK
535 1 _a1
830 0 _aمشروع الترجمة المشترك / شركة مكتبة العبيكان
_v46
_9112798
830 0 _aمشروع الترجمة المشترك / وزارة التعليم العالي، السعودية
_v46
_9112799